<?xml version="1.0" encoding="UTF-8"?>
<record
    xmlns:xsi="http://www.w3.org/2001/XMLSchema-instance"
    xsi:schemaLocation="http://www.loc.gov/MARC21/slim http://www.loc.gov/standards/marcxml/schema/MARC21slim.xsd"
    xmlns="http://www.loc.gov/MARC21/slim">

  <leader>01611nam a2200277 a 4500</leader>
  <controlfield tag="001">000007831</controlfield>
  <controlfield tag="005">20260209112057.0</controlfield>
  <controlfield tag="008">090911s2009    dr            000 0 spa d</controlfield>
  <datafield tag="020" ind1=" " ind2=" ">
    <subfield code="a">9789945427776</subfield>
  </datafield>
  <datafield tag="040" ind1=" " ind2=" ">
    <subfield code="a">DO-SdBNP</subfield>
    <subfield code="b">spa</subfield>
    <subfield code="c">BNPHU</subfield>
  </datafield>
  <datafield tag="082" ind1=" " ind2=" ">
    <subfield code="a">346.077</subfield>
    <subfield code="b">J94d</subfield>
  </datafield>
  <datafield tag="100" ind1="1" ind2=" ">
    <subfield code="a">Juli&#xE1;n, Jos&#xE9; Francisco,</subfield>
    <subfield code="d">1949-</subfield>
    <subfield code="9">21527</subfield>
  </datafield>
  <datafield tag="245" ind1="1" ind2="0">
    <subfield code="a">Derechos, defensas y obligaciones del deudor /</subfield>
    <subfield code="c">Jos&#xE9; Fco. Juli&#xE1;n.</subfield>
  </datafield>
  <datafield tag="260" ind1=" " ind2=" ">
    <subfield code="a">Santo Domingo :</subfield>
    <subfield code="b">B&#xFA;ho,</subfield>
    <subfield code="c">2009.</subfield>
  </datafield>
  <datafield tag="300" ind1=" " ind2=" ">
    <subfield code="a">439 p. ;</subfield>
    <subfield code="c">23 cm.</subfield>
  </datafield>
  <datafield tag="500" ind1=" " ind2=" ">
    <subfield code="a">Incluye datos biogr&#xE1;ficos del autor en la solapa de la cubierta.</subfield>
  </datafield>
  <datafield tag="504" ind1=" " ind2=" ">
    <subfield code="a">Bibliograf&#xED;a: p. 437-439.</subfield>
  </datafield>
  <datafield tag="505" ind1="0" ind2=" ">
    <subfield code="g">Introducci&#xF3;n --</subfield>
    <subfield code="t">Derechos, defensas y obligaciones del deudor --</subfield>
    <subfield code="t">Novaci&#xF3;n --</subfield>
    <subfield code="t">Cesi&#xF3;n de bienes --</subfield>
    <subfield code="t">Nulidad --</subfield>
    <subfield code="t">Resoluciones --</subfield>
    <subfield code="t">La prescripci&#xF3;n --</subfield>
    <subfield code="t">La compensaci&#xF3;n --</subfield>
    <subfield code="t">Perenci&#xF3;n --</subfield>
    <subfield code="t">Excepciones del procedimiento --</subfield>
    <subfield code="t">Demandas reconvencionales --</subfield>
    <subfield code="t">Recurso de impugnaci&#xF3;n --</subfield>
    <subfield code="t">M&#xE1;s v&#xED;as de la parte demandada para su defensa --</subfield>
    <subfield code="t">Civil. Notificaci&#xF3;n de recurso de apelaci&#xF3;n --</subfield>
    <subfield code="t">Memorial de defensa --</subfield>
    <subfield code="t">Demanda de amparo --</subfield>
    <subfield code="t">Ley sobre pr&#xE9;stamo de menor cuant&#xED;a --</subfield>
    <subfield code="t">Doctrina --</subfield>
    <subfield code="t">Sanciones de la falta de pago --</subfield>
    <subfield code="t">El cheque --</subfield>
    <subfield code="t">Demanda de divorcio --</subfield>
    <subfield code="t">Divorcio a vapor --</subfield>
    <subfield code="t">Cesi&#xF3;n de cr&#xE9;ditos --</subfield>
    <subfield code="t">Obligaciones del cesionario --</subfield>
    <subfield code="t">Embargo retentivo --</subfield>
    <subfield code="t">Hipotecas --</subfield>
    <subfield code="g">Bibliograf&#xED;a compendiada.</subfield>
  </datafield>
  <datafield tag="590" ind1=" " ind2=" ">
    <subfield code="a">Inventariado, 2018/LP</subfield>
  </datafield>
  <datafield tag="650" ind1=" " ind2="4">
    <subfield code="a">Deudor y acreedor</subfield>
    <subfield code="9">21558</subfield>
  </datafield>
  <datafield tag="650" ind1=" " ind2="4">
    <subfield code="a">Compromiso (derecho)</subfield>
    <subfield code="9">21559</subfield>
  </datafield>
  <datafield tag="650" ind1=" " ind2="0">
    <subfield code="a">Obligaciones (Derecho)</subfield>
    <subfield code="9">21560</subfield>
  </datafield>
  <datafield tag="650" ind1=" " ind2="4">
    <subfield code="a">Cumplimiento (derecho)</subfield>
    <subfield code="9">21561</subfield>
  </datafield>
  <datafield tag="650" ind1=" " ind2="4">
    <subfield code="a">Novaci&#xF3;n</subfield>
    <subfield code="9">21562</subfield>
  </datafield>
  <datafield tag="910" ind1=" " ind2=" ">
    <subfield code="a">Validado. Control de calidad EMS.</subfield>
  </datafield>
  <datafield tag="952" ind1=" " ind2=" ">
    <subfield code="0">0</subfield>
    <subfield code="1">0</subfield>
    <subfield code="5">4</subfield>
    <subfield code="7">0</subfield>
    <subfield code="8">DS</subfield>
    <subfield code="a">GR</subfield>
    <subfield code="b">GR</subfield>
    <subfield code="c">HD</subfield>
    <subfield code="d">2009-09-11</subfield>
    <subfield code="i">LF1</subfield>
    <subfield code="l">0</subfield>
    <subfield code="o">346.077 J94d</subfield>
    <subfield code="p">7831-30</subfield>
    <subfield code="r">2020-06-25</subfield>
    <subfield code="t">e. 3</subfield>
    <subfield code="w">2020-06-25</subfield>
    <subfield code="y">LFDS</subfield>
    <subfield code="Z">Pr&#xE9;stamo en sala</subfield>
  </datafield>
  <datafield tag="952" ind1=" " ind2=" ">
    <subfield code="0">0</subfield>
    <subfield code="1">0</subfield>
    <subfield code="7">1</subfield>
    <subfield code="8">PD</subfield>
    <subfield code="a">PD</subfield>
    <subfield code="b">PD</subfield>
    <subfield code="c">HD</subfield>
    <subfield code="d">2009-09-11</subfield>
    <subfield code="i">LF1</subfield>
    <subfield code="l">0</subfield>
    <subfield code="o">346.077 J94d</subfield>
    <subfield code="p">7831-10</subfield>
    <subfield code="r">2020-06-25</subfield>
    <subfield code="w">2020-06-25</subfield>
    <subfield code="y">LFPD</subfield>
    <subfield code="Z">No se presta</subfield>
  </datafield>
  <datafield tag="952" ind1=" " ind2=" ">
    <subfield code="0">0</subfield>
    <subfield code="1">0</subfield>
    <subfield code="7">1</subfield>
    <subfield code="8">PD</subfield>
    <subfield code="a">PD</subfield>
    <subfield code="b">PD</subfield>
    <subfield code="c">HD</subfield>
    <subfield code="d">2009-09-11</subfield>
    <subfield code="i">LF1</subfield>
    <subfield code="l">0</subfield>
    <subfield code="o">346.077 J94d</subfield>
    <subfield code="p">7831-20</subfield>
    <subfield code="r">2020-06-25</subfield>
    <subfield code="t">e. 2</subfield>
    <subfield code="w">2020-06-25</subfield>
    <subfield code="y">LFPD</subfield>
    <subfield code="Z">No se presta</subfield>
  </datafield>
  <datafield tag="999" ind1=" " ind2=" ">
    <subfield code="c">7609</subfield>
    <subfield code="d">7609</subfield>
  </datafield>
</record>
